000 00498cam a2200169 a 4500
020 _a9744800674
040 _cDLC
082 _a333 WHI 2005 A015 Or.
245 1 0 _aParticipatory approaches for sustainable land use in Southeast Asia /
260 _aBangkok, Thailand :
_bWhite Lotus Press,
_cc2005.
300 _axvii, 411 p. :
_bill., maps ;
_c21 cm.
650 0 _aLand use
650 0 _aSustainable development
650 0 _aSustainable agriculture
700 1 _aNeef, Andreas,
942 _cEK
999 _c11359
_d11359